00970nam a2200241 a 4500001001000000003000500010005001700015008004100032010001100073011001100084040000900095100003600104245016500140260004100305500006000346502007500406650005900481650003400540650002700574650002400601700003300625856007000658000113323CHAP20220329144349.0170607s2016 mx sm |||||||spa d a109784 a110756 cCHAP1 aReséndiz Julián, Olga Lidia10aFinalización de corderos de tres grupos raciales con racion alta en concentrado /h[En línea]cpor Olga Lidia Resendiz Julian y Karen Zita Santiago López. aChapingo, Méx. :bEl autor,c2016. aPara ver el contenido del material haga clic en la liga aTesis (Ing. Agr. Esp. en Zootecnia) -- UACH. Departamento de Zootecnia14aAlimentos y alimentación del ganadoxInvestigación14aGanado lanarxAlimentación.14aGanado lanarxEngorda.14aGanado lanarxPeso.1 aSantiago López, Karen Zita aFinding aiduhttp://10.13.5.2/tesis/sist113323.pdfzTeclea aquí